|
|
|
|
| LEADER |
00742nab a2200181 i 4500 |
| 001 |
delm77576 |
| 005 |
20180928084350.0 |
| 008 |
180928s1958 hu o 0|| hun d |
| 040 |
|
|
|a SZTE Délmagyarország Archívum
|b hun
|
| 041 |
|
|
|a hun
|
| 100 |
1 |
|
|a Németh Ferenc
|
| 245 |
1 |
0 |
|a Elkészültek a Szabadtéri Játékok színpadának és nézőterének tervei
|h [elektronikus dokumentum] :
|b a nézőteret több "ütemben" építik : hatalmas színpad korszerű megoldásokkal : ötmillió forint a kivitelezéshez /
|c Németh Ferenc
|
| 260 |
|
|
|c 1958-04-13
|
| 300 |
|
|
|a 5
|
| 490 |
0 |
|
|a Délmagyarország
|v 14 No. 87
|
| 695 |
|
|
|a Szabadtéri Játékok, Szegedi Szabadtéri Játékok 1958
|
| 700 |
0 |
1 |
|a Heckenast Kálmán
|e aut
|
| 700 |
0 |
1 |
|a Kellner János
|e aut
|